Унесенные веком (Запис № 343890)

МАРК-запис
000 -LEADER
fixed length control field 00709nam a22002537a 4500
001 - CONTROL NUMBER
control field 57806
003 - CONTROL NUMBER IDENTIFIER
control field UA-OsUOA
005 - DATE AND TIME OF LATEST TRANSACTION
control field 20201128164540.0
007 - PHYSICAL DESCRIPTION FIXED FIELD--GENERAL INFORMATION
fixed length control field ta
008 - FIXED-LENGTH DATA ELEMENTS--GENERAL INFORMATION
fixed length control field 20090112b un ||||| |||| 00| 0 ukr d
020 ## - INTERNATIONAL STANDARD BOOK NUMBER
International Standard Book Number 5-7745-07912
040 ## - CATALOGING SOURCE
Original cataloging agency UA-OsUOA
Language of cataloging rus
Transcribing agency UA-OsUOA
Modifying agency UA-OsUOA
041 ## - LANGUAGE CODE
Language code of text/sound track or separate title rus
080 ## - UNIVERSAL DECIMAL CLASSIFICATION NUMBER
Universal Decimal Classification number 821.161.2
090 ## - LOCALLY ASSIGNED LC-TYPE CALL NUMBER (OCLC); LOCAL CALL NUMBER (OCLC)
Classification number (OCLC) (R) ; Classification number, CALL (RLIN) (NR) 821.161.2
Local cutter number (OCLC) ; Book number/undivided call number, CALL (RLIN) Б17
100 ## - MAIN ENTRY--PERSONAL NAME
Personal name Базалия О.
245 ## - TITLE STATEMENT
Title Унесенные веком
260 ## - PUBLICATION, DISTRIBUTION, ETC. (IMPRINT)
Place of publication, distribution, etc Львів
Name of publisher, distributor, etc Каменяр
Date of publication, distribution, etc 2007
300 ## - PHYSICAL DESCRIPTION
Extent 326 с.
650 #7 - SUBJECT ADDED ENTRY--TOPICAL TERM
Topical term or geographic name as entry element 82 Література. Літературознавство
Source of heading or term UDC
942 ## - ADDED ENTRY ELEMENTS (KOHA)
Koha item type Книги
Source of classification or shelving scheme Universal Decimal Classification
955 ## - COPY-LEVEL INFORMATION (RLIN)
Classification number, CCAL (RLIN) Літературно-художні видання
Фонди
Withdrawn status Lost status Source of classification or shelving scheme Damaged status Not for loan Home library Current library Date acquired Source of acquisition Cost, normal purchase price Inventory number Total Checkouts Full call number Barcode Date last seen Price effective from Koha item type Collection code Public note
    Universal Decimal Classification     АБ - Абонемент НБ АБ - Абонемент НБ 12/01/2009 3/2009 18.00 118276   821.161.2 Б17 118276 12/11/2021 12/01/2009 Книги    
    Universal Decimal Classification     Наукова бібліотека ІДУД Наукова бібліотека ІДУД 22/10/2009 109/2007 1.00 2131071   82-1 Б17 2131071 15/09/2019 22/10/2009 Книги    
    Universal Decimal Classification     ЧЗ - Читальна зала ЧЗ - Читальна зала 25/11/2009 132/2009 18.00 124953   821.161.2 Б17 124953 06/02/2022 12/01/2009 Книги Колекція Жулинського М.Г.  
    Universal Decimal Classification     ЧЗ - Читальна зала ЧЗ - Читальна зала 01/03/2018 6/2018 18.00 158124   821.161.2 Б17 158124 07/02/2022 12/01/2009 Книги Колекція Пасічника І.Д. з автографом О. Базалії